000 00644nam a2200205 a 4500
003 DO-SdBNP
005 20221025135256.0
007 ta
008 221025e2008 dr ac||grc||| 001 0 spa d
040 _aDO-SdBNP
_bspa
_cBNPHU
082 4 _222
_bI59ce
110 2 _aInstituto Nacional de Administración Pública (República Dominicana).
_982155
245 1 0 _aCendoc virtual:
_bacceso@inap. /
260 _aSanto Domingo :
_bINAP,
_c2008
300 _a[22] p. :
_bil, retr. ;
_c27 cm.
500 _aUna publicación del Centro de Documentación y Biblioteca del INAP.
590 _aInventariado 2022 / MF
910 _aMFeliz
942 _2ddc
_cLF2
999 _c52636
_d52636